000 00302nam a22001337a 4500
008 170828b xxu||||| |||| 00| 0 eng d
020 _a9780321105295
041 _aeng
080 _29 ED
_a070
100 _a39
101 _aMED
245 _aTECHNICAL COMMUNICATION
_cLANNON.J.M
942 _2udc
_cBK
999 _c25189
_d25189